| 000 | 00690cab a22001935a 4500 | ||
|---|---|---|---|
| 001 | L137375 | ||
| 008 | 070403e xxk 000 0 eng d | ||
| 035 | _a(Sirsi) u137375 | ||
| 041 | 0 | _aeng | |
| 100 | 1 | _aCarder, Paul | |
| 245 | 0 | 0 | _aAnalyse and learn |
| 490 | 0 |
_aPremises and Facilities Management _vMarch 2007, 38-39(2) |
|
| 520 | _aDiscusses the ways in which benchmarking can inform managers on areas of strategy and operations. Discusses how facilities management can expand into areas of business infrastructure support through benchmarking. | ||
| 590 | _aKA | ||
| 651 | 4 |
_aUnited Kingdom _y |
|
| 690 | _aMANAGEMENT-FACILITIES MANAGEMENT | ||
| 700 | 1 | _aJeffries, Ian | |
| 942 | _n0 | ||
| 999 |
_c78586 _d78586 |
||